Les quatre estacions de Vivaldi : programa musical programa musical
Publicado:
Barcelona :
Diputació de Barcelona. Àrea d’Atenció a les Persones. Oficina de Promoció Polítiques d’Igualtat i Drets Civils ,
2014
Descripción Física:
1 díptic : il. col. ; 21 cm
Materias:
Música -- S. XVIII
MARC
| LEADER | 00000nam a2200000Ia 4500 | ||
|---|---|---|---|
| 001 | 23723 | ||
| 003 | BGR | ||
| 005 | 20260324180618.0 | ||
| 008 | 160829s2014 xx 000 0 cat d | ||
| 080 | |a FU-62-132 | ||
| 245 | |a Les quatre estacions de Vivaldi : |b programa musical | ||
| 260 | |a Barcelona : |b Diputació de Barcelona. Àrea d’Atenció a les Persones. Oficina de Promoció Polítiques d’Igualtat i Drets Civils, |c 2014 | ||
| 300 | |a 1 díptic : |b il. col. ; |c 21 cm | ||
| 590 | |a Concert celebrat al 6 de juny de 2014, a les 19 h, a la Sala de l’Espai Francesca Bonnemasion. Intèrpets : Sergi Miró, violí solista ; Orquestra L’Inquietudine ; Àngel Villagrassa, clavicèmbal i director | ||
| 650 | |a Música |x S. XVIII |9 50084 | ||
| 710 | 1 | |a Barcelona (Catalunya : Província). |b Diputació |b Oficina de Promoció Polítiques d’Igualtat i Drets Civils |9 52408 | |
| 901 | |a Arxiu | ||
| 942 | |n 1 |2 udc |c MON | ||
| 952 | |0 0 |1 0 |4 0 |6 FU62132 |7 1 |9 55774 |a Arxiu |b Arxiu |d 2016-12-01 |l 0 |o FU-62-132 |p 23723 |r 2016-12-01 00:00:00 |w 2016-12-01 |y ARXIU | ||
| 999 | |c 59647 |d 59647 | ||